Central Library OPAC University of Rajshahi

The theory of sheaves / (Record no. 51094)

MARC details
000 -LEADER
fixed length control field 00730nam a2200241 a 4500
001 - CONTROL NUMBER
control field 51094
003 - CONTROL NUMBER IDENTIFIER
rucl marc code BD-RjUL
005 - DATE AND TIME OF LATEST TRANSACTION
control field 20211209075617.0
008 - FIXED-LENGTH DATA ELEMENTS--GENERAL INFORMATION
fixed length control field 160829r1968 ilua b 000 0 eng d
035 ## - SYSTEM CONTROL NUMBER
System control number (BD-RjUL)51214
040 ## - CATALOGING SOURCE
Original cataloging agency DLC/ICU
Transcribing agency CGU
Modifying agency BD-RjUL
Language of cataloging eng
041 ## - LANGUAGE CODE
Language code of text/sound track or separate title eng
082 ## - DEWEY DECIMAL CLASSIFICATION NUMBER
Classification number 514.224
Edition number 23
Author mark and year SWT 1968
100 1# - MAIN ENTRY--PERSONAL NAME
Personal name Swan, Richard G.
9 (RLIN) 152850
245 14 - TITLE STATEMENT
Title The theory of sheaves /
Statement of responsibility, etc. Richard G. Swan
260 ## - PUBLICATION, DISTRIBUTION, ETC. (IMPRINT)
Place of publication, distribution, etc. Chicago :
Name of publisher, distributor, etc. University of Chicago Press,
Date of publication, distribution, etc. c1964 [ Impression 1968 ]
300 ## - PHYSICAL DESCRIPTION
Pagination 150 p. :
Illustrations ill. ;
Size 21 cm.
490 1# - SERIES STATEMENT
Series statement Chicago lectures in mathematics
504 ## - BIBLIOGRAPHY, ETC. NOTE
Bibliography, etc Bibliography: p.150
650 #0 - SUBJECT ADDED ENTRY--TOPICAL TERM
Topical term or geographic name as entry element Sheaf theory
9 (RLIN) 138926
830 #0 - SERIES ADDED ENTRY--UNIFORM TITLE
Uniform title Chicago lectures in mathematics
942 ## - ADDED ENTRY ELEMENTS (KOHA)
Source of classification or shelving scheme Dewey Decimal Classification
Koha item type Books
Holdings
Lost status Source of classification or shelving scheme Damaged status Not for loan Collection code Permanent Location Current Location Shelving location Date acquired Source of acquisition Cost, normal purchase price Total Checkouts Full call number Date last seen Copy number Koha item type
  Dewey Decimal Classification     Non-fiction Central Library, University of Rajshahi Central Library, University of Rajshahi   23/01/1971 Zeittinger 18.00   514.224 SWT 1968 29/08/2016 C-2 Books
  Dewey Decimal Classification     Non-fiction Central Library, University of Rajshahi Central Library, University of Rajshahi   13/05/1970 Zeittinger 18.00   514.224 SWT 1968 01/09/2016 C-3 Books
  Dewey Decimal Classification   Not For Loan Non-fiction Central Library, University of Rajshahi Central Library, University of Rajshahi Reading Room 13/05/1970 Zeittinger 18.00   514.224 SWT 1964 01/09/2016 C-1 Books